No reino de Xantum (Registo nº 7926)

Detalhes MARC
000 -Etiqueta do registo
Valores 00542nam a22001811i 4500
090 ## -
-- 7926
100 ## - Dados gerais de processamento
Dados gerais 20170304u u u0frey50 ba
101 1# - Língua de publicação
-- por
200 1# - Titulo e menção de responsabilidade
Primeira menção de responsabilidade Eurico Figueiredo
Título próprio No reino de Xantum
Informação de outro título os jovens e o conflito de gerações
210 ## - Publicação
Nome do editor Afrontamento
Local de publicação Porto
Data de publicação cop. 1985
215 ## - Descrição física 
Paginação / Volumes 223, [5] p.
Dimensões 21 cm
225 2# - Colecção 
Título próprio da colecção Biblioteca das ciências do homem
Indicação de volume 8
225 2# - Colecção 
Nome de parte ou secção Psicologia, Psiquiatria, Psicanálise
675 ## - CDU
Notação 159.964
-- 3355
700 #1 - Autor principal (pessoa individual)
Apelido Figueiredo
Nome Eurico
-- 070
Datas 1938-
801 ## - Fonte de origem
País PT
Regras de catalogação RPC
990 ## - Elementos KOHA
Tipo de documento Livro
Exemplares
Situação do levantamento Estado Biblioteca de origem Biblioteca de empréstimo Código de barras Cota Permissão de empréstimo Tipo de documento Nota relativa ao exemplar
  Completo Biblioteca Municipal de Viana Do Alentejo Biblioteca Municipal de Viana Do Alentejo 0011392 159.9 FIG Disponível Livro Em depósito Caixa 24 VNT




Powered by Koha